Fińscy sportowcy - nagła śmierć - Statystyki

Ogólne statystyki
  • Ten quiz został rozwiązany 54 razy
  • Średni wynik to 9 z 10
Answers on the Grid
Answers color-coded by a green-red scale on the quiz's grid according to % correct below.
Janne Ahonen
Peter Schmeichel
Kimi Räikkönen
Semir Štilić
Anders Bardal
Jari Litmanen
Jakob Ingebrigtsen
Sami Hyypiä
Matti Hautamäki
Erling Haaland
Karl Geiger
Aino-Kaisa Saarinen
Adnan Kovačević
Valtteri Bottas
Kasper Hämäläinen
Andriej Arszawin
Benjamin Källman
Kevin De Bruyne
Teemu Pukki
Jeremy Sochan
 
Statystyki odpowiedzi
Odpowiedź % Poprawnych
Janne Ahonen
96%
Kimi Räikkönen
94%
Teemu Pukki
92%
Kasper Hämäläinen
90%
Matti Hautamäki
90%
Jari Litmanen
88%
Aino-Kaisa Saarinen
86%
Sami Hyypiä
86%
Benjamin Källman
84%
Valtteri Bottas
82%
Nie znaleziono quizów pasujących do podanych kryteriów
Rozkład punktacji
Procent ludzi z każdym wynikiem
Percentyl według liczby udzielonych odpowiedzi
Twoja historia wyników
Nie rozwiązałeś tego quizu